000 01232nam a2200217Ia 4500
003 Ost
005 20260507075441.0
008 260507s9999||||xx |||||||||||||| ||und||
040 _cfsecg
041 _aara
082 _a659.1
100 _aالزعبي، علي فلاح
_eمؤلف
245 0 _aالإعلان الفعال :
_bمنظور تطبيقي متكامل /
_c علي فلاح الزعبي
260 _aعمان:
_bدار اليازوري للنشر والتوزيع,
_c2009
300 _a353 صفحة؛
_bإيضاحات ؛
_c24 سم
504 _aببليوغرافيا: ص.351-253
520 _aالإعلان، مفاهيم أولية، إدارة الإعلان، الإعلان والمستهلك والمنتج، الأبعاد الاجتماعية والاقتصادية والأخلاقية الإعلان، استراتيجيات الإعلان، بحوث الإعلان، فن وتصميم وإخراج الإعلان ،الرسالة الإعلانية، الحملات الإعلانية ، وكالات الإعلان، الوسائل الإعلانية (الإعلامية)، تقييم فاعلية الإعلان
653 _aالإعلان
653 _aالمستهلكون
942 _cكتاب
999 _c44563
_d44563